[Event "DEM U12w 2016"]
[Site "Willingen GER"]
[Date "2016.05.20"]
[Round "9"]
[White "Reichelt, Lena"]
[Black "Bohrer, Katharina"]
[Result "1/2-1/2"]
[Termination "normal"]
[Board "12"]
[WhiteElo "1261"]
[BlackElo "1406"]
[PlyCount "87"]
[WhiteFideId "12981184"]
[BlackFideId "16225457"]
[EventCountry "GER"]
[EventRounds "11"]
[EventType "swiss"]
[EventDate "2016.05.14"]

1. e4 d6 2. d4 g6 3. Nc3 Bg7 4. Nf3 Nf6 5. Be2 O-O 6. O-O e5 7. dxe5 dxe5 8.
Qxd8 Rxd8 9. Bg5 Re8 10. Rad1 Bg4 11. Rfe1 Nc6 12. a3 Bxf3 13. gxf3 Nd4 14. Rc1
Nh5 15. Nb5 Nxb5 16. Bxb5 c6 17. Bc4 b5 18. Bb3 Nf4 19. Bxf4 exf4 20. c3 c5 21.
Bd5 Rab8 22. Rc2 b4 23. axb4 cxb4 24. cxb4 Rxb4 25. b3 Rd4 26. Rec1 Rd3 27. Rc8
Rxc8 28. Rxc8+ Bf8 29. Kg2 Kg7 30. Rc7 Bd6 31. Rxf7+ Kh6 32. Rxa7 Bc5 33. Ra2
g5 34. Bc4 Rd4 35. e5 Kg6 36. e6 Kf6 37. Re2 h5 38. Kf1 Rd1+ 39. Re1 Rxe1+ 40.
Kxe1 g4 41. fxg4 hxg4 42. Be2 f3 43. Bc4 Ke5 44. Kf1 1/2-1/2

[Event "DEM U12w 2016"]
[Site "Willingen GER"]
[Date "2016.05.20"]
[Round "9"]
[White "Gehrke, Gina Celina"]
[Black "Diederich, Greta"]
[Result "1/2-1/2"]
[Termination "normal"]
[Board "13"]
[WhiteElo "1519"]
[BlackElo "1215"]
[PlyCount "44"]
[WhiteFideId "16205979"]
[BlackFideId "12988618"]
[EventCountry "GER"]
[EventRounds "11"]
[EventType "swiss"]
[EventDate "2016.05.14"]

1. d4 d5 2. e3 e6 3. Bd3 f5 4. Nd2 Bd6 5. f4 Nf6 6. Ngf3 Nbd7 7. c3 O-O 8. O-O
c6 9. Ne5 Ne4 10. Rf3 Ndf6 11. Bxe4 Nxe4 12. Nxe4 dxe4 13. Rg3 Bxe5 14. fxe5
Bd7 15. Qh5 Be8 16. Qg5 Qxg5 17. Rxg5 h6 18. Rg3 Bh5 19. h4 Bg4 20. Bd2 Rad8
21. b4 b6 22. a4 c5 1/2-1/2

[Event "DEM U12w 2016"]
[Site "Willingen GER"]
[Date "2016.05.20"]
[Round "9"]
[White "Schmidt, Pauline"]
[Black "Liu, Sijia Anna"]
[Result "0-1"]
[Termination "normal"]
[Board "14"]
[WhiteElo "1142"]
[BlackElo "1357"]
[PlyCount "80"]
[WhiteFideId "16209850"]
[BlackFideId "12989746"]
[EventCountry "GER"]
[EventRounds "11"]
[EventType "swiss"]
[EventDate "2016.05.14"]

1. e4 c5 2. Nf3 Nc6 3. d4 cxd4 4. Nxd4 g6 5. c4 Bg7 6. Be3 Nf6 7. Nc3 d6 8. Be2
O-O 9. O-O Bd7 10. f3 Qb6 11. Kh1 Qd8 12. f4 Rc8 13. b3 Qa5 14. Qe1 Nxe4 15.
Nxc6 Bxc6 16. Nxe4 Qxe1 17. Raxe1 Bxe4 18. Bd2 f5 19. Bf3 Bxf3 20. Rxf3 e5 21.
fxe5 dxe5 22. Bc3 Rfd8 23. Rfe3 e4 24. Bxg7 Kxg7 25. h3 h5 26. g4 hxg4 27. hxg4
Rd2 28. gxf5 gxf5 29. Rf1 Rh8+ 30. Kg1 Kg6 31. Rg3+ Kf6 32. a4 Rdh2 33. a5 Rh1+
34. Kf2 Rxf1+ 35. Kxf1 Rh2 36. Rc3 Ke5 37. b4 Kd4 38. Rg3 e3 39. Ke1 Kd3 40.
Rg1 Rb2 0-1

[Event "DEM U12w 2016"]
[Site "Willingen GER"]
[Date "2016.05.20"]
[Round "9"]
[White "Fuchs, Emily"]
[Black "Kieckbusch, Lotta"]
[Result "1-0"]
[Termination "normal"]
[Board "17"]
[WhiteElo "1027"]
[BlackElo "993"]
[PlyCount "93"]
[WhiteFideId "16208986"]
[BlackFideId "16214390"]
[EventCountry "GER"]
[EventRounds "11"]
[EventType "swiss"]
[EventDate "2016.05.14"]

1. e4 e5 2. Nf3 Nc6 3. d4 exd4 4. Nxd4 Bb4+ 5. Nc3 Bc5 6. Nxc6 bxc6 7. Bc4 d6
8. O-O Nf6 9. Qd3 O-O 10. Be3 Bb6 11. Rad1 Be6 12. Bxb6 axb6 13. Rd2 Qe7 14.
Re1 Rfd8 15. Bxe6 fxe6 16. Qc4 c5 17. e5 dxe5 18. Rxd8+ Rxd8 19. Rxe5 Rd6 20.
f4 Rd4 21. Rxe6 Rxc4 22. Rxe7 Rxf4 23. Rxc7 Rd4 24. Rc6 Nd7 25. Kf1 Rb4 26. b3
Rf4+ 27. Ke2 Rf8 28. Na4 Rb8 29. Rd6 Rb7 30. Nc3 Nf6 31. Nd5 Nxd5 32. Rxd5 Re7+
33. Kd3 Kf7 34. Kc4 Re2 35. Kc3 Rxg2 36. Rd2 Rg4 37. a3 b5 38. Rd7+ Ke6 39. Rb7
Rg2 40. Rxb5 Kd6 41. Rb6+ Kd5 42. a4 Rxh2 43. a5 Rh3+ 44. Kb2 Rh6 45. c4+ Ke5
46. Rxh6 gxh6 47. a6 1-0

[Event "DEM U12w 2016"]
[Site "Willingen GER"]
[Date "2016.05.20"]
[Round "9"]
[White "Wittich, Carlotta"]
[Black "Wucherer, Sophie"]
[Result "0-1"]
[Termination "normal"]
[Board "18"]
[WhiteElo "952"]
[BlackElo "1171"]
[PlyCount "150"]
[WhiteFideId "16217411"]
[BlackFideId "16225473"]
[EventCountry "GER"]
[EventRounds "11"]
[EventType "swiss"]
[EventDate "2016.05.14"]

1. e4 e6 2. d4 d5 3. e5 c5 4. c3 Nc6 5. Nf3 Qb6 6. a3 a5 7. g3 Bd7 8. Bh3 Nge7
9. O-O Ng6 10. Re1 Be7 11. b3 O-O 12. Bb2 Rfc8 13. Nbd2 cxd4 14. cxd4 Rc7 15.
Qe2 Rac8 16. Rac1 f6 17. Bf1 Na7 18. Qe3 Rxc1 19. Rxc1 Rc7 20. Rxc7 Qxc7 21.
Bd3 Be8 22. a4 f5 23. Nf1 Qb6 24. Bc2 Bxa4 25. h4 Be8 26. h5 Nf8 27. h6 g6 28.
Ng5 Qd8 29. f4 Qc7 30. Bd3 Qc8 31. Nh2 Nc6 32. g4 Nd8 33. gxf5 exf5 34. Qf3 Bc6
35. Qe3 Nfe6 36. Nhf3 Nxg5 37. fxg5 Ne6 38. Nh4 Nxg5 39. e6 Qxe6 40. Qxe6+ Nxe6
41. Nf3 Ng5 42. Ne5 Be8 43. Bc3 Bb4 44. Bxb4 axb4 45. Kg2 Nf7 46. Kg3 Nxh6 47.
Kh4 Nf7 48. Be2 Nxe5 49. dxe5 h6 50. Bf3 Bc6 51. Bh5 gxh5 52. Kxh5 d4 53. Kxh6
d3 54. Kg6 Kf8 55. Kxf5 Ke8 56. Ke6 d2 57. Kd6 d1=Q+ 58. Kc7 Qd7+ 59. Kb6 Ba4
60. bxa4 Qc6+ 61. Ka7 Kd8 62. Kb8 Qxa4 63. e6 b6 64. e7+ Kxe7 65. Kc7 Qd7+ 66.
Kxb6 Qc8 67. Kb5 Kd6 68. Kxb4 Qc5+ 69. Kb3 Kd5 70. Kb2 Qc4 71. Ka3 Qb5 72. Ka2
Qb4 73. Ka1 Kd4 74. Ka2 Kc3 75. Ka1 Qb2# 0-1

[Event "DEM U12w 2016"]
[Site "Willingen GER"]
[Date "2016.05.20"]
[Round "9"]
[White "Hapke, Lara"]
[Black "Schwegler, Jelena"]
[Result "1-0"]
[Termination "normal"]
[Board "19"]
[WhiteElo "971"]
[BlackElo "912"]
[PlyCount "81"]
[WhiteFideId "12996572"]
[BlackFideId "16225481"]
[EventCountry "GER"]
[EventRounds "11"]
[EventType "swiss"]
[EventDate "2016.05.14"]

1. e4 e5 2. Nf3 Nf6 3. Nxe5 d6 4. Nf3 Nxe4 5. Nc3 d5 6. Qe2 Qe7 7. Nxe4 Qxe4 8.
d4 Qxe2+ 9. Bxe2 Nc6 10. O-O Bf5 11. Re1 O-O-O 12. c3 Bd6 13. a4 Kb8 14. b4 f6
15. Nh4 Be6 16. Bd3 Rde8 17. Bd2 g5 18. Nf5 Bxf5 19. Bxf5 h5 20. a5 h4 21. b5
Ne7 22. Bd3 g4 23. b6 a6 24. bxc7+ Bxc7 25. Reb1 Ka8 26. c4 g3 27. h3 gxf2+ 28.
Kxf2 Bg3+ 29. Kg1 dxc4 30. Bxc4 f5 31. Be6 f4 32. Bg4 Reg8 33. Bf3 Rb8 34. Bb4
Nc6 35. Bc3 Rhe8 36. d5 Na7 37. Bf6 Rec8 38. Be5 Rc2 39. Bxb8 Bf2+ 40. Kf1 Bd4
41. Ra4 1-0

[Event "DEM U12w 2016"]
[Site "Willingen GER"]
[Date "2016.05.20"]
[Round "9"]
[White "Zell, Hannah"]
[Black "Kriuckova, Sonia"]
[Result "1-0"]
[Termination "normal"]
[Board "20"]
[WhiteElo "1371"]
[BlackElo "1231"]
[PlyCount "105"]
[WhiteFideId "16208900"]
[BlackFideId "16204310"]
[EventCountry "GER"]
[EventRounds "11"]
[EventType "swiss"]
[EventDate "2016.05.14"]

1. e4 c5 2. b4 e6 3. bxc5 Bxc5 4. d4 Bb6 5. Nf3 d5 6. e5 Nc6 7. Be2 h6 8. O-O
Nge7 9. c3 Ng6 10. Re1 O-O 11. Bd3 Nce7 12. Ba3 Re8 13. Bxe7 Nxe7 14. Qc2 Nc6
15. Na3 Bd7 16. Nb5 Bc7 17. Rab1 Rb8 18. Nxc7 Qxc7 19. Rbc1 Na5 20. c4 dxc4 21.
Bxc4 Nxc4 22. Qxc4 Qxc4 23. Rxc4 Rec8 24. Rec1 Rxc4 25. Rxc4 Rc8 26. Rxc8+ Bxc8
27. Kf1 Kf8 28. Ke2 Ke7 29. Kd3 Kd7 30. Kc4 Kc6 31. a4 a6 32. a5 b5+ 33. axb6
Kxb6 34. Nd2 Bb7 35. f3 Bd5+ 36. Kc3 g6 37. Ne4 Bxe4 38. fxe4 Kb5 39. d5 exd5
40. exd5 Kc5 41. d6 Kc6 42. Kb4 Kb6 43. g4 Kc6 44. Ka5 Kb7 45. h4 h5 46. g5 Kc6
47. Kxa6 Kd7 48. Kb7 Kd8 49. Kc6 Kc8 50. d7+ Kd8 51. Kd6 f6 52. e6 f5 53. e7#
1-0

[Event "DEM U12w 2016"]
[Site "Willingen GER"]
[Date "2016.05.20"]
[Round "10"]
[White "Khamenya, Vitalia"]
[Black "Rudolph, Eva"]
[Result "1/2-1/2"]
[Termination "normal"]
[Board "1"]
[WhiteElo "1611"]
[BlackElo "1558"]
[WhiteClock "00:08:51"]
[BlackClock "00:02:49"]
[PlyCount "82"]
[WhiteFideId "12959260"]
[BlackFideId "16200594"]
[EventCountry "GER"]
[EventRounds "11"]
[EventType "swiss"]
[EventDate "2016.05.14"]

1. e4 e5 2. Nc3 Nf6 3. d4 exd4 4. Qxd4 Nc6 5. Qe3 Bb4 6. Bd2 O-O 7. O-O-O Re8
8. f3 a6 9. Nge2 d6 10. g4 b5 11. h4 Bc5 12. Qf4 b4 13. Nb1 a5 14. Ng3 Nd4 15.
Nf5 a4 16. Nxd4 Bxd4 17. c3 bxc3 18. Nxc3 a3 19. b3 Be6 20. Kc2 Qb8 21. h5 Nd7
22. g5 Nc5 23. Rb1 Bxb3+ 24. axb3 Bxc3 25. Bxc3 a2 26. Ra1 Nxb3 27. Bc4 Nxa1+
28. Bxa1 Re7 29. g6 Qe8 30. gxf7+ Rxf7 31. Bxf7+ Qxf7 32. Qxf7+ Kxf7 33. Kb3 g6
34. hxg6+ hxg6 35. Rh7+ Ke6 36. Rxc7 Rf8 37. Rc3 d5 38. Rc6+ Kd7 39. exd5 Rxf3+
40. Kxa2 Rd3 41. Rxg6 Rxd5 1/2-1/2

[Event "DEM U12w 2016"]
[Site "Willingen GER"]
[Date "2016.05.20"]
[Round "10"]
[White "Reuter, Elisa"]
[Black "Ziegenfuß, Antonia"]
[Result "0-1"]
[Termination "normal"]
[Board "2"]
[WhiteElo "1591"]
[BlackElo "1560"]
[WhiteClock "00:14:51"]
[BlackClock "00:48:06"]
[PlyCount "128"]
[WhiteFideId "12995444"]
[BlackFideId "12962554"]
[EventCountry "GER"]
[EventRounds "11"]
[EventType "swiss"]
[EventDate "2016.05.14"]

1. c4 c5 2. Nc3 Nf6 3. g3 d5 4. cxd5 Nxd5 5. Bg2 Nc7 6. Nf3 Nc6 7. d3 e5 8. O-O
Be7 9. Bd2 Be6 10. Qc1 f6 11. Ne4 b6 12. a3 Qd7 13. Qc2 Rc8 14. Rfc1 Nd5 15.
Nc3 O-O 16. Nxd5 Bxd5 17. Qd1 Rfd8 18. Qf1 Be6 19. h4 h6 20. Kh2 Bd6 21. Bh3
Bxh3 22. Qxh3 Qxh3+ 23. Kxh3 Nd4 24. Nxd4 exd4 25. Bf4 Bxf4 26. gxf4 Re8 27.
Rc2 Re7 28. Kg3 Rce8 29. Kf3 Rc8 30. b4 Rec7 31. Rac1 f5 32. e3 dxe3 33. fxe3
Kf7 34. d4 c4 35. Rc3 Ke6 36. a4 Kd5 37. R1c2 a6 38. Rc1 Ra7 39. Ra1 Rca8 40.
Rac1 b5 41. a5 Re7 42. Rg1 Rd8 43. Rg6 Rd6 44. Rg1 Ke6 45. Rg6+ Kd7 46. Rg2 Ke8
47. h5 Kf7 48. Rc1 Rde6 49. Re1 g6 50. hxg6+ Rxg6 51. Rxg6 Kxg6 52. Rg1+ Kf6
53. Rh1 Rh7 54. d5 h5 55. e4 fxe4+ 56. Kxe4 h4 57. f5 h3 58. d6 h2 59. d7 Ke7
60. Ke5 Kxd7 61. f6 c3 62. Rd1+ Ke8 63. Ke6 c2 64. Rh1 Rh6 0-1

[Event "DEM U12w 2016"]
[Site "Willingen GER"]
[Date "2016.05.20"]
[Round "10"]
[White "Schnabel, Luise"]
[Black "Peglau, Mirjam"]
[Result "0-1"]
[Termination "normal"]
[Board "3"]
[WhiteElo "1621"]
[BlackElo "1314"]
[WhiteClock "00:11:00"]
[BlackClock "00:51:29"]
[PlyCount "88"]
[WhiteFideId "12943347"]
[BlackFideId "16211138"]
[EventCountry "GER"]
[EventRounds "11"]
[EventType "swiss"]
[EventDate "2016.05.14"]

1. e4 e6 2. d4 d5 3. Nc3 Nf6 4. Bg5 Be7 5. e5 Nfd7 6. Bxe7 Qxe7 7. f4 a6 8. Nf3
c5 9. Bd3 Nc6 10. O-O cxd4 11. Ne2 O-O 12. Bxh7+ Kxh7 13. Ng5+ Kg8 14. Qd3 g6
15. Qh3 f6 16. Nxe6 Nc5 17. f5 Bxe6 18. exf6 Rxf6 19. fxe6 Raf8 20. Rxf6 Rxf6
21. Qg3 Qxe6 22. Re1 Qe3+ 23. Qxe3 dxe3 24. Rd1 d4 25. a3 Ne6 26. c3 Rf2 27.
Nc1 Rd2 28. Re1 Nf4 29. g3 Nh3+ 30. Kh1 Nf2+ 31. Kg1 Rd1 32. Rxd1 Nxd1 33. Kf1
dxc3 34. bxc3 Nxc3 35. Ne2 Nxe2 36. Kxe2 Nd4+ 37. Kxe3 Nc2+ 38. Kf4 Nxa3 39.
Kg5 Kg7 40. h4 b5 41. g4 b4 42. h5 gxh5 43. gxh5 b3 44. h6+ Kh7 0-1

[Event "DEM U12w 2016"]
[Site "Willingen GER"]
[Date "2016.05.20"]
[Round "10"]
[White "Glinzner, Alva"]
[Black "Kunisch, Nina"]
[Result "0-1"]
[Termination "normal"]
[Board "4"]
[WhiteElo "1518"]
[BlackElo "1480"]
[WhiteClock "00:11:01"]
[BlackClock "00:36:29"]
[PlyCount "192"]
[WhiteFideId "16206169"]
[BlackFideId "12982849"]
[EventCountry "GER"]
[EventRounds "11"]
[EventType "swiss"]
[EventDate "2016.05.14"]

1. e4 c5 2. Nf3 g6 3. c3 Nc6 4. d4 cxd4 5. cxd4 Bg7 6. Nc3 d6 7. h3 Nf6 8. Be3
Bd7 9. Be2 Qa5 10. O-O O-O 11. Rc1 Rfc8 12. a3 Qd8 13. Qd2 Na5 14. Qd1 Qb6 15.
b4 Nc4 16. Bxc4 Rxc4 17. Qd3 Rcc8 18. Rfd1 Bb5 19. Nxb5 a5 20. Rxc8+ Rxc8 21.
e5 Nd5 22. bxa5 Qxa5 23. exd6 exd6 24. Nxd6 Rc7 25. Nc4 Qa4 26. Nce5 Rc3 27.
Qd2 Rxa3 28. Rb1 b5 29. Qb2 Nc3 30. Rc1 b4 31. Qc2 Qa6 32. Re1 f6 33. Nxg6 hxg6
34. Qxg6 Qb7 35. Bh6 Ra8 36. Nh4 Qf7 37. Qxf7+ Kxf7 38. Bxg7 Kxg7 39. Re7+ Kh6
40. Rb7 Ra1+ 41. Kh2 Rb1 42. Nf3 Rb2 43. Ne1 Rb1 44. Nd3 b3 45. d5 Nxd5 46. Nc5
Rb2 47. Kg3 Nc3 48. Rxb3 Ne4+ 49. Kf3 Nd2+ 50. Kg3 Nxb3 51. Ne4 Kg6 52. h4 f5
53. Ng5 Nc5 54. f3 Rb3 55. Kf4 Nd3+ 56. Kg3 Rb6 57. Kh3 Rf6 58. Kg3 Nc5 59. Kh3
Ne6 60. Nxe6 Rxe6 61. Kg3 Ra6 62. Kh2 Kh5 63. Kh3 Ra4 64. g3 Ra3 65. Kg2 f4 66.
gxf4 Kxh4 67. Kf2 Kh5 68. Kg3 Kg6 69. Kg4 Kf6 70. f5 Ra5 71. f4 Rxf5 72. Kf3
Ra5 73. Kg4 Rb5 74. Kg3 Kf5 75. Kf3 Rb4 76. Ke3 Rxf4 77. Kd3 Rh4 78. Ke3 Ra4
79. Kd3 Ke5 80. Kc3 Kd5 81. Kb3 Rh4 82. Kc3 Rg4 83. Kb3 Kc5 84. Kc3 Rg3+ 85.
Kd2 Kd4 86. Ke2 Ke4 87. Kd2 Rh3 88. Kc2 Kd4 89. Kb2 Kc4 90. Kc2 Rh2+ 91. Kd1
Kd3 92. Ke1 Ra2 93. Kf1 Ke3 94. Kg1 Kf3 95. Kh1 Kg3 96. Kg1 Ra1# 0-1

[Event "DEM U12w 2016"]
[Site "Willingen GER"]
[Date "2016.05.20"]
[Round "10"]
[White "Basovskiy, Jana"]
[Black "Bayer, Melissa"]
[Result "1-0"]
[Termination "normal"]
[Board "5"]
[WhiteElo "1365"]
[BlackElo "1484"]
[PlyCount "159"]
[WhiteFideId "16208617"]
[BlackFideId "16206916"]
[EventCountry "GER"]
[EventRounds "11"]
[EventType "swiss"]
[EventDate "2016.05.14"]

1. e4 e5 2. Nf3 Nc6 3. Bc4 Nf6 4. Ng5 d5 5. exd5 Na5 6. Bb5+ Bd7 7. Bxd7+ Qxd7
8. O-O Nxd5 9. Nf3 Bd6 10. Re1 O-O-O 11. Nxe5 Bxe5 12. Rxe5 Rhe8 13. Rxe8 Rxe8
14. d4 h5 15. h3 Nc6 16. c3 f6 17. Nd2 Qf7 18. Nf3 g5 19. Qd3 g4 20. hxg4 hxg4
21. Qf5+ Qd7 22. Qxd7+ Kxd7 23. Nh2 Re1+ 24. Nf1 Nf4 25. Bxf4 Rxa1 26. a3 Rb1
27. b4 Rb3 28. Bd2 Rxa3 29. Ne3 Ra2 30. Be1 g3 31. fxg3 Ne7 32. Kf1 Ke6 33. g4
f5 34. gxf5+ Nxf5 35. Nd1 a5 36. bxa5 Rxa5 37. Kf2 Ra2+ 38. Kf3 Ra1 39. Ke2 Kd5
40. g4 Ra2+ 41. Kf3 Ng7 42. Ne3+ Ke6 43. d5+ Ke7 44. Bg3 Kd7 45. g5 c6 46. d6
Ra3 47. Be5 Ne6 48. g6 Ra8 49. Ng4 Ng5+ 50. Kf4 Ne6+ 51. Kf5 Ng7+ 52. Bxg7 Kxd6
53. Bf6 b5 54. g7 c5 55. Be5+ Kc6 56. Nf6 b4 57. c4 Kb6 58. g8=Q Rxg8 59. Nxg8
Ka5 60. Ke6 b3 61. Kd5 Kb4 62. Bb2 Ka4 63. Kxc5 Ka5 64. Kc6 Ka6 65. c5 Ka7 66.
Kd7 Ka6 67. c6 Kb5 68. c7 Kc4 69. c8=Q+ Kd3 70. Qc5 Ke4 71. Nf6+ Kf3 72. Qd4
Ke2 73. Qc3 Kf2 74. Qd3 Kg2 75. Qe3 Kf1 76. Qd2 Kg1 77. Qe2 Kh1 78. Be5 Kg1 79.
Bd6 Kh1 80. Qh2# 1-0

[Event "DEM U12w 2016"]
[Site "Willingen GER"]
[Date "2016.05.20"]
[Round "10"]
[White "Sinnhöfer, Lilian"]
[Black "Ortlepp, Klaudia"]
[Result "0-1"]
[Termination "normal"]
[Board "6"]
[WhiteElo "1283"]
[BlackElo "1407"]
[PlyCount "71"]
[WhiteFideId "12977586"]
[BlackFideId "16206045"]
[EventCountry "GER"]
[EventRounds "11"]
[EventType "swiss"]
[EventDate "2016.05.14"]

1. e4 e5 2. Bc4 Nf6 3. Nf3 Nc6 4. O-O Be7 5. Re1 O-O 6. c3 d6 7. h3 Nxe4 8.
Rxe4 d5 9. Bxd5 Qxd5 10. Qe1 Bf5 11. Re3 Bxb1 12. Nxe5 Bc5 13. Nxc6 Qxc6 14. d4
Bxd4 15. cxd4 Bf5 16. Rc3 Rfe8 17. Be3 Qg6 18. Kh2 Rad8 19. g4 Qd6+ 20. Kg1 Be4
21. Rac1 Qf6 22. Qd1 c6 23. Rb3 Rd7 24. Ra3 a6 25. Rac3 Bd5 26. b3 Qh4 27. Qf1
Re6 28. Bf4 Qf6 29. Be3 Qf3 30. Kh2 Rg6 31. Bd2 Qf6 32. Re3 h5 33. Re8+ Kh7 34.
Re3 hxg4 35. hxg4 Qf4+ 36. Rg3 0-1

[Event "DEM U12w 2016"]
[Site "Willingen GER"]
[Date "2016.05.20"]
[Round "10"]
[White "Bardorz, Jana"]
[Black "Brunner, Sophia"]
[Result "1/2-1/2"]
[Termination "normal"]
[Board "7"]
[WhiteElo "1485"]
[BlackElo "1602"]
[PlyCount "82"]
[WhiteFideId "16208897"]
[BlackFideId "12960683"]
[EventCountry "GER"]
[EventRounds "11"]
[EventType "swiss"]
[EventDate "2016.05.14"]

1. e4 d5 2. exd5 Qxd5 3. Nc3 Qa5 4. Bc4 Nf6 5. d3 Bg4 6. f3 Bd7 7. Bd2 Qb6 8.
Bb3 e6 9. Qe2 c6 10. O-O-O Na6 11. Be3 Qc7 12. f4 O-O-O 13. Nf3 Nd5 14. Nxd5
exd5 15. Qf2 b6 16. d4 f6 17. c3 Bd6 18. g3 Rde8 19. Rhe1 Bg4 20. Re2 Qf7 21.
Bd2 Rxe2 22. Qxe2 Nc7 23. Qf2 Qh5 24. Rf1 Re8 25. Bd1 Nb5 26. Ng1 Bc7 27. Bxg4+
Qxg4 28. Re1 Qd7 29. Rxe8+ Qxe8 30. Qe2 Qxe2 31. Nxe2 Nd6 32. b3 b5 33. Kc2 Ne4
34. Be3 Kd7 35. Kd3 Ke6 36. g4 g6 37. h3 h5 38. c4 hxg4 39. hxg4 Ba5 40. c5 f5
41. g5 Bb4 1/2-1/2

[Event "DEM U12w 2016"]
[Site "Willingen GER"]
[Date "2016.05.20"]
[Round "10"]
[White "Pavlov, Liliane"]
[Black "Meijerink, Inken"]
[Result "1/2-1/2"]
[Termination "normal"]
[Board "8"]
[WhiteElo "1445"]
[BlackElo "1306"]
[PlyCount "124"]
[WhiteFideId "16225449"]
[BlackFideId "16225465"]
[EventCountry "GER"]
[EventRounds "11"]
[EventType "swiss"]
[EventDate "2016.05.14"]

1. e4 c5 2. b3 Nc6 3. Bb2 e5 4. Bc4 Nge7 5. Ne2 g6 6. d3 Bg7 7. Nd2 O-O 8. O-O
d6 9. f4 Kh8 10. fxe5 Nxe5 11. Rb1 f5 12. Nf3 Nxf3+ 13. Rxf3 Bxb2 14. Rxb2 fxe4
15. Rxf8+ Qxf8 16. dxe4 Qf6 17. Rb1 Bg4 18. h3 Bxe2 19. Qxe2 Nc6 20. Rf1 Qd4+
21. Qf2 Nb4 22. Qxd4+ cxd4 23. Rd1 Nxc2 24. Rd2 Ne3 25. Rxd4 Nxc4 26. Rxc4 b5
27. Rd4 Rc8 28. e5 d5 29. e6 a6 30. e7 Re8 31. Rxd5 Rxe7 32. Rd6 Ra7 33. Kf2 a5
34. Rd5 Rc7 35. Ke1 Rc1+ 36. Ke2 Rg1 37. Kf2 Ra1 38. Rd2 h5 39. Ke3 Kh7 40. Kd4
Rc1 41. Kd3 b4 42. Rc2 Rd1+ 43. Kc4 Re1 44. Kb5 Re5+ 45. Ka4 Kh6 46. a3 bxa3
47. Kxa3 Kg5 48. g3 Re3 49. Rg2 h4 50. gxh4+ Kh6 51. Rg5 Rxh3 52. Rxa5 Rxh4 53.
b4 g5 54. b5 Rf4 55. b6 Rf8 56. b7 Rb8 57. Rb5 g4 58. Ka4 g3 59. Rb2 g2 60.
Rxg2 Rxb7 61. Ka5 Rg7 62. Rxg7 Kxg7 1/2-1/2

[Event "DEM U12w 2016"]
[Site "Willingen GER"]
[Date "2016.05.20"]
[Round "10"]
[White "Orlova, Alicia"]
[Black "Dietz, Kristin"]
[Result "0-1"]
[Termination "normal"]
[Board "10"]
[WhiteElo "1285"]
[BlackElo "1432"]
[PlyCount "152"]
[WhiteFideId "34154563"]
[BlackFideId "12993743"]
[EventCountry "GER"]
[EventRounds "11"]
[EventType "swiss"]
[EventDate "2016.05.14"]

1. e4 c5 2. Nc3 Nc6 3. g3 g6 4. Bg2 Bg7 5. d3 d6 6. Be3 e5 7. Qd2 Nge7 8. Bh6
O-O 9. h4 f6 10. Bxg7 Kxg7 11. h5 g5 12. Nge2 Be6 13. O-O h6 14. f4 Qb6 15. Na4
Qb4 16. Qxb4 Nxb4 17. Rfc1 Nxa2 18. Rf1 b5 19. Nac3 Nxc3 20. Nxc3 b4 21. Nb5
Rfc8 22. Nxd6 Rd8 23. Nf5+ Nxf5 24. exf5 Bd5 25. fxe5 fxe5 26. Ra5 Bxg2 27.
Kxg2 Rd5 28. Ra6 Rd7 29. Ra5 Rc8 30. Kf3 Rc6 31. Ke4 Kf6 32. c3 bxc3 33. bxc3
c4 34. Rd5 Rdc7 35. d4 exd4 36. Kxd4 Re7 37. g4 Re2 38. Rg1 Rf2 39. Rc5 Rd2+
40. Kxc4 Rxc5+ 41. Kxc5 Re2 42. c4 a5 43. Rd1 Rg2 44. Rd4 a4 45. Kb4 Ke5 46.
Rd5+ Ke4 47. Kxa4 Rxg4 48. f6 Rf4 49. Rd7 Rxf6 50. Rg7 Kf5 51. c5 Kg4 52. Rg6
Rf5 53. Rxh6 Rxc5 54. Rh8 Rc7 55. h6 Kh5 56. h7 Kh6 57. Kb3 Rxh7 58. Rc8 Kh5
59. Rc5 Kh4 60. Rc4+ g4 61. Kc2 Kh3 62. Kd1 Re7 63. Rc8 Kg2 64. Rc2+ Kh3 65.
Rc8 g3 66. Rh8+ Kg2 67. Ra8 Kf1 68. Rf8+ Kg1 69. Rg8 Re3 70. Ra8 Kf2 71. Ra2+
Kf3 72. Ra8 g2 73. Rf8+ Kg3 74. Rg8+ Kf2 75. Rf8+ Rf3 76. Rxf3+ Kxf3 0-1

[Event "DEM U12w 2016"]
[Site "Willingen GER"]
[Date "2016.05.20"]
[Round "10"]
[White "Liu, Sijia Anna"]
[Black "Delgado, Celina"]
[Result "1-0"]
[Termination "normal"]
[Board "11"]
[WhiteElo "1357"]
[BlackElo "1405"]
[PlyCount "29"]
[WhiteFideId "12989746"]
[BlackFideId "12993735"]
[EventCountry "GER"]
[EventRounds "11"]
[EventType "swiss"]
[EventDate "2016.05.14"]

1. e4 e5 2. Nf3 Nc6 3. Bc4 Bc5 4. c3 Nf6 5. d4 exd4 6. cxd4 Bb4+ 7. Nc3 Nxe4 8.
O-O Nxc3 9. bxc3 Ba5 10. Re1+ Ne7 11. Ng5 O-O 12. Qh5 h6 13. Nxf7 Rxf7 14.
Qxf7+ Kh8 15. Rxe7 1-0

[Event "DEM U12w 2016"]
[Site "Willingen GER"]
[Date "2016.05.20"]
[Round "10"]
[White "Stowicek, Yara Mathilda"]
[Black "Gehrke, Gina Celina"]
[Result "1-0"]
[Termination "normal"]
[Board "12"]
[WhiteElo "1394"]
[BlackElo "1519"]
[PlyCount "47"]
[WhiteFideId "16203569"]
[BlackFideId "16205979"]
[EventCountry "GER"]
[EventRounds "11"]
[EventType "swiss"]
[EventDate "2016.05.14"]

1. e4 c5 2. c3 g6 3. d4 cxd4 4. cxd4 Bg7 5. Nc3 d6 6. f4 e6 7. Nf3 Ne7 8. Bd3
O-O 9. O-O Nbc6 10. Be3 Qb6 11. Qd2 Nxd4 12. Rac1 Nxf3+ 13. Rxf3 Bxc3 14. Qxc3
Qc6 15. Qd4 Qd7 16. Rg3 Nc6 17. Qc3 Nd8 18. h4 Qe7 19. Bf2 f5 20. exf5 exf5 21.
h5 Kf7 22. hxg6+ hxg6 23. Rh3 Ne6 24. Rh7+ 1-0

[Event "DEM U12w 2016"]
[Site "Willingen GER"]
[Date "2016.05.20"]
[Round "10"]
[White "Bohrer, Katharina"]
[Black "Zell, Hannah"]
[Result "0-1"]
[Termination "normal"]
[Board "14"]
[WhiteElo "1406"]
[BlackElo "1371"]
[PlyCount "80"]
[WhiteFideId "16225457"]
[BlackFideId "16208900"]
[EventCountry "GER"]
[EventRounds "11"]
[EventType "swiss"]
[EventDate "2016.05.14"]

1. e4 e5 2. Nf3 Nc6 3. d4 exd4 4. Bc4 Nf6 5. c3 Nxe4 6. Qb3 Nd6 7. Na3 Na5 8.
Qa4 Naxc4 9. Nxc4 dxc3 10. O-O Nxc4 11. Qxc4 d5 12. Qxc3 Be6 13. Bf4 c6 14.
Rfe1 Qf6 15. Qxf6 gxf6 16. Nd4 Kd7 17. Nxe6 fxe6 18. Re2 e5 19. Bg3 Bg7 20.
Rae1 Ke6 21. f4 e4 22. Rf1 f5 23. h3 Bf6 24. Bf2 Be7 25. Bd4 Rhg8 26. Kh2 Bf6
27. Bxf6 Kxf6 28. Rg1 h5 29. h4 d4 30. g3 d3 31. Rd2 Rad8 32. Rgd1 Rge8 33. Rg2
e3 34. Kh3 e2 35. Rh1 e1=Q 36. Rxe1 Rxe1 37. Rh2 d2 38. b4 d1=Q 39. a3 Rh1 40.
Rxh1 Qxh1# 0-1

[Event "DEM U12w 2016"]
[Site "Willingen GER"]
[Date "2016.05.20"]
[Round "10"]
[White "Visvikis, Kassandra"]
[Black "Hapke, Lara"]
[Result "0-1"]
[Termination "normal"]
[Board "15"]
[WhiteElo "1342"]
[BlackElo "971"]
[PlyCount "46"]
[WhiteFideId "36052167"]
[BlackFideId "12996572"]
[EventCountry "GER"]
[EventRounds "11"]
[EventType "swiss"]
[EventDate "2016.05.14"]

1. e4 e5 2. Nf3 Nc6 3. Bc4 Bc5 4. c3 Nf6 5. d3 a6 6. Nbd2 Ba7 7. Nf1 d6 8. Be3
O-O 9. Ng3 Re8 10. O-O Be6 11. Bb3 Qd7 12. Bg5 Qe7 13. Nh5 Rad8 14. Nxf6+ gxf6
15. Bh6 Kh8 16. Nh4 Rg8 17. Qh5 Bg4 18. Ng6+ hxg6 19. Bg7+ Kxg7 20. Qxg4 Rh8
21. Rae1 Rh7 22. Re3 Rdh8 23. h3 Bxe3 0-1